01026nas a2200241Ia 4500001001100000003000900011008004100020040001300061040001300074041001300087100003800100210002100138222002100159245010900180250001100289260003600300501008600336300001000422310001200432362004000444500026400484650003600748R022/43003IT-RoPAU151124c99999999xx |||||||||||| ||und|| aIT-RoPAU cIT-RoPAU aITALIANO aAA.VV. gCodice Aut. SPICS: 12000 aINFORMAZIONI MCS aInformazioni Mcs aINFORMAZIONI MCS, ANNO 18-N.05 (MAGGIO-GIUGNO 1975)bInformazioni Mcs, Anno 18-N.05 (Maggio-Giugno 1975) a1a ed. aVICENZAbINFORMAZIONI MCSc1975 bPaulus - SPICS - Società San Paolo EM (non-commercial uses only)cCopyright2015 a40 p. aMENSILE aANNO 018, N.05 (MAGGIO-GIUGNO 1975) aComunità Crisitiana nel Vaticano Ii. Schede Critiche dei Film: una Giornata di Ivan Denisovic, Sepolcro Indiano, un Rantolo nel Buio, un Uomo una Città, Chi Ha Ucciso Charlie Warryc, la Rinuncia "Tha Abdication", Esorcista, Quando il Pensiero Diventa Crim aCINEMAvPUBBLICAZIONE PERIODICA